[Event "Aragon-chT Preferente Gr I"]
[Site "Aragon"]
[Date "2023.03.18"]
[Round "8.37"]
[White "Delgado Pascual, Hugo"]
[Black "Lorente Melcon, Nicolas"]
[Result "1/2-1/2"]
[WhiteElo "1798"]
[BlackElo "1869"]
[PlyCount "78"]
[EventDate "2023.01.28"]
[EventType "team-tourn"]
[EventRounds "9"]
[EventCountry "ESP"]
[SourceTitle "EXT 2024"]
[Source "ChessBase"]
[SourceDate "2023.10.10"]
[SourceVersion "1"]
[SourceVersionDate "2023.10.10"]
[SourceQuality "1"]
[WhiteTeam "Enroque Barbastro"]
[BlackTeam "Helios II"]
[WhiteTeamCountry "ESP"]
[BlackTeamCountry "ESP"]

1. e4 c5 2. Ne2 e6 3. g3 Nc6 4. Bg2 Be7 5. c3 Nf6 6. d4 d5 7. e5 Nd7 8. 0-0 0-0 9. Be3 cxd4 10. cxd4 Nb6 11. Nd2 Bd7 12. Rc1 a5 13. f4 f5 14. Nc3 a4 15. g4 g6 16. gxf5 Rxf5 17. Bh3 Rf7 18. b3 axb3 19. axb3 Bf8 20. Nf3 Bh6 21. Ng5 Bxg5 22. fxg5 Rxf1+ 23. Qxf1 Qe7 24. Qb5 Ra6 25. Qe2 Qb4 26. Qd1 Ra3 27. Ne2 Qxb3 28. Qxb3 Rxb3 29. Rc3 Rxc3 30. Nxc3 Ne7 31. Kf2 Nc4 32. Bf1 b5 33. Bxc4 dxc4 34. Ne4 Kg7 35. Nc5 Bc8 36. Ke1 Nd5 37. Bc1 Kf7 38. Ne4 Ba6 39. Nc5 Bc8 1/2-1/2

[Event "Aragon-chT Preferente Gr I"]
[Site "Aragon"]
[Date "2023.01.28"]
[Round "1.42"]
[White "Delgado Pascual, Hugo"]
[Black "Larrosa Poves, Jose Manuel"]
[Result "0-1"]
[WhiteElo "1798"]
[BlackElo "1902"]
[PlyCount "88"]
[EventDate "2023.01.28"]
[EventType "team-tourn"]
[EventRounds "9"]
[EventCountry "ESP"]
[SourceTitle "EXT 2024"]
[Source "ChessBase"]
[SourceDate "2023.10.10"]
[SourceVersion "1"]
[SourceVersionDate "2023.10.10"]
[SourceQuality "1"]
[WhiteTeam "Enroque Barbastro"]
[BlackTeam "Agrupacion II"]
[WhiteTeamCountry "ESP"]
[BlackTeamCountry "ESP"]

1. e4 c5 2. Ne2 Nc6 3. g3 g6 4. Bg2 Bg7 5. c3 e5 6. d3 d6 7. Be3 Nf6 8. 0-0 Ng4 9. Bd2 0-0 10. h3 Nf6 11. Be3 Re8 12. Qd2 Be6 13. d4 cxd4 14. cxd4 exd4 15. Nxd4 Bc4 16. Rc1 d5 17. exd5 Bxd5 18. Bxd5 Nxd5 19. Nxc6 bxc6 20. Bd4 Nb4 21. Bxg7 Qxd2 22. Nxd2 Kxg7 23. a3 Nd3 24. Rxc6 Re2 25. Rc2 Rd8 26. b4 Nxf2 27. Raa2 Nxh3+ 28. Kf1 Rf2+ 29. Ke1 Re8+ 30. Kd1 Ng5 31. Nc4 Rf1+ 32. Kd2 Ne4+ 33. Kd3 Nxg3 34. Na5 Rd8+ 35. Kc4 Nf5 36. Nc6 Ne3+ 37. Kb5 Nxc2 38. Rxc2 Rc8 39. Rc5 Rc7 40. Ne5 Rxc5+ 41. bxc5 Rd1 42. c6 Rd5+ 43. Ka6 Rxe5 44. c7 Rc5 0-1

[Event "Aragon-chT Preferente Gr II"]
[Site "Aragon"]
[Date "2022.01.29"]
[Round "1.66"]
[White "Vallverdu Miret, Oscar"]
[Black "Delgado Pascual, Hugo"]
[Result "0-1"]
[WhiteElo "2111"]
[BlackElo "1704"]
[PlyCount "51"]
[EventDate "2022.01.29"]
[EventType "team-tourn"]
[EventRounds "9"]
[EventCountry "ESP"]
[SourceTitle "EXT 2024"]
[Source "ChessBase"]
[SourceDate "2023.10.10"]
[SourceVersion "1"]
[SourceVersionDate "2023.10.10"]
[SourceQuality "1"]
[WhiteTeam "Fraga"]
[BlackTeam "Enroque Barbastro"]
[WhiteTeamCountry "ESP"]
[BlackTeamCountry "ESP"]

1. b3 d5 2. Bb2 Nf6 3. e3 c5 4. Nf3 Bg4 5. h3 Bf5 6. Bb5+ Bd7 7. Be2 e6 8. 0-0 Bd6 9. c4 0-0 10. Qc2 Nc6 11. a3 Re8 12. d4 cxd4 13. exd4 e5 14. cxd5 Nxd5 15. Bc4 Nf4 16. Re1 Qf6 17. Nbd2 exd4 18. Ne4 Qg6 19. Nfg5 Ne5 20. Bc1 d3 21. Qd1 Nxc4 22. bxc4 Ne2+ 23. Kf1 Rxe4 24. Nxe4 Qxe4 25. Bb2 Bxh3 26. f3 0-1

[Event "Aragon-chT Preferente Gr-I"]
[Site "Aragon"]
[Date "2020.02.08"]
[Round "3.52"]
[White "Olivan Alvira, Alejandro"]
[Black "Delgado Pascual, Hugo"]
[Result "1/2-1/2"]
[WhiteElo "1415"]
[BlackElo "1568"]
[PlyCount "94"]
[EventDate "2020.01.25"]
[EventType "team-tourn"]
[EventRounds "9"]
[EventCountry "ESP"]
[SourceTitle "EXT 2022"]
[Source "ChessBase"]
[SourceDate "2021.10.06"]
[SourceVersion "1"]
[SourceVersionDate "2021.10.06"]
[SourceQuality "1"]
[WhiteTeam "Jaime Casas II"]
[BlackTeam "Enroque Barbastro"]
[WhiteTeamCountry "ESP"]
[BlackTeamCountry "ESP"]

1. d4 d5 2. Nf3 Nf6 3. Bf4 Bf5 4. e3 e6 5. c3 c6 6. Bd3 Bxd3 7. Qxd3 Bd6 8. Ne5 Qc7 9. Nd2 Nbd7 10. Ndf3 Nh5 11. g3 Nxf4 12. gxf4 f6 13. Nxd7 Qxd7 14. Rg1 Qf7 15. Qf1 h6 16. h4 Rg8 17. Qh3 f5 18. Ne5 Bxe5 19. dxe5 Qh5 20. Rh1 Qf7 21. h5 Qc7 22. Qh4 Qd8 23. Qxd8+ Rxd8 24. Rg1 Rd7 25. Rg6 Re7 26. Ke2 Kf7 27. Rd1 Rc7 28. f3 Rf8 29. Rdg1 Rg8 30. Kd3 b5 31. a3 c5 32. Ke2 a5 33. Rd1 Rd8 34. e4 fxe4 35. fxe4 d4 36. f5 Re7 37. f6 gxf6 38. Rxf6+ Kg7 39. Rg1+ Kh7 40. Rgg6 d3+ 41. Kd2 Rg8 42. Rxh6+ Kg7 43. Rxe6 Rxe6 44. Rxe6 Kf7 45. Rf6+ Ke7 46. h6 c4 47. h7 Rg2+ 1/2-1/2

[Event "Aragon-chT Honor Gr-A"]
[Site "Aragon"]
[Date "2019.01.26"]
[Round "1.4"]
[White "Delgado Pascual, Hugo"]
[Black "Gines Esteo, Pedro Antonio"]
[Result "0-1"]
[WhiteElo "1401"]
[BlackElo "2318"]
[PlyCount "106"]
[EventDate "2019.01.26"]
[EventType "team-tourn"]
[EventRounds "7"]
[EventCountry "ESP"]
[SourceTitle "EXT 2020"]
[Source "ChessBase"]
[SourceDate "2019.10.17"]
[SourceVersion "1"]
[SourceVersionDate "2019.10.17"]
[SourceQuality "1"]
[WhiteTeam "Enroque"]
[BlackTeam "Jaime Casas"]
[WhiteTeamCountry "ESP"]
[BlackTeamCountry "ESP"]

1. e4 c6 2. d4 d5 3. exd5 cxd5 4. c4 Nf6 5. Nc3 Nc6 6. Be3 g6 7. h3 Bg7 8. Nf3 0-0 9. Be2 dxc4 10. Bxc4 Bf5 11. 0-0 Rc8 12. Bd3 Bxd3 13. Qxd3 a6 14. a3 Nd5 15. Rac1 Na5 16. Ne2 Qb6 17. b4 Nc6 18. Rc5 Rcd8 19. Qb3 e6 20. Rd1 Rd7 21. Rc2 h6 22. Rcd2 Rfd8 23. g3 Qb5 24. Qd3 Qa4 25. h4 Na7 26. Ne1 Nb5 27. Nc2 Rc8 28. Ra1 Rdc7 29. Ra2 h5 30. Kh2 Kh7 31. Kh3 Nbc3 32. Nxc3 Rxc3 33. Qe2 Qb3 34. Na1 Qb1 35. Kg2 Qe4+ 36. Qf3 Nxe3+ 37. fxe3 Rxe3 38. Qxe4 Rxe4 39. Nb3 Rc3 40. Nc5 Ree3 41. Rf2 Rxg3+ 42. Kf1 Bxd4 43. Ne4 Rc1+ 44. Ke2 Bxf2 45. Kxf2 Rgg1 46. Rd2 Rcf1+ 47. Ke3 Re1+ 48. Kd3 Rd1 49. Nc5 Rxd2+ 50. Kxd2 g5 51. hxg5 h4 52. Ne4 h3 53. Nf2 h2 0-1